000
00407nam a2200145Ia 4500
001
13270
003
GE_BSU
008
181216s||||||||xx |||||||||||||| ||und||
040
_c
GE_BSU
245
_a
Плодоводство
245
_b
Учебник
245
_c
Под.ред.З.И.Якушева. Ред. З.И.Уткина.Худ.Р.Р.Вейлерт
653
_a
Плодоводство
942
_c
BK
999
_c
46432
_d
46432